ゲーム『逃走中』のステージ名 - Statistics

General Stats
  • This quiz has been taken 18 times
    16 since last reset
  • The average score is 9 of 20
Answer Stats
Hint Answer % Correct
1 シティ
79%
3 江戸
79%
10 宇宙
71%
6 ロボット工場
57%
4 おとぎの国
57%
2 おとぎの国
57%
7 げんし時代
50%
9 古代ローマ
50%
2 テーマパーク
43%
9 ゾンブー
43%
5 ホラータウン
43%
8 サンタタウン
36%
7 日本昔話
36%
10 SF
36%
1 ファンタジー
29%
4 アラビア
29%
3 エジプト
21%
5 祈りの王国
21%
8 ウエスタン
21%
6 地中海
21%
No matching quizzes found
Score Distribution
Percent of People with Each Score
Percentile by Number Answered
Your Score History
You have not taken this quiz since the last reset